Relatos para un año ; Mantón Negro (Registro nro. 7018)

Detalles MARC
000 -CABECERA
Longitud fija campo de control 02178nam a2200301Ia 4500
005 - • FECHA Y HORA DE LA ÚLTIMA TRANSACCIÓN
Fecha y hora de la última transacción 20220317001441.0
008 - • CÓDIGOS DE INFORMACIÓN DE LONGITUD FIJA
Códigos de información de longitud fija 161108s2005 sp o g 000 j s
020 ## - • NÚMERO INTERNACIONAL NORMALIZADO PARA LIBROS
Número Internacional Normalizado para Libros (ISBN) 9788481916829
020 ## - • NÚMERO INTERNACIONAL NORMALIZADO PARA LIBROS
Número Internacional Normalizado para Libros (ISBN) 848191682X
040 ## - FUENTE DE LA CATALOGACIÓN
Centro catalogador de origen CO-BoRNBP
Lengua de catalogación spa
Normas de descripción rda
Centro transcriptor CO-BoRNBP
084 ## - • Clasificación Local Alfanúmerica PNLB
Número de clasificación C PIR1
100 1# - • PUNTO DE ACCESO PRINCIPAL-NOMBRE DE PERSONA
Nombre de persona Pirandello, Luigi
Fechas asociadas al nombre 1867-1936
245 10 - • TITULO PROPIAMENTE DICHO
Título Relatos para un año ; Mantón Negro
Mención de responsabilidad, etc. Luigi Pirandello ; traducción de Rafael F., Tomás Llopis
250 ## - • MENCIÓN DE EDICIÓN
Mención de edición 1a. edición
264 ## - PRODUCCIÓN, PUBLICACIÓN , DISTRIBUCIÓN, FABRICACIÓN Y COPYRIGHT
Lugar de producción, publicación, distribución, fabricación Valencia
Nombre del productor, editor, distribuidor, fabricante Pre-textos
Fecha de de producción, publicación, distribución, fabricación o copyright 2005
300 ## - • DESCRIPCIÓN FÍSICA
Extensión 394 páginas
Otras características físicas fotografías en blanco y negro
Dimensiones 22 cm
336 ## - TIPO DE CONTENIDO
Término de tipo de contenido texto
Código de tipo de contenido txt
Fuente rdacontent
337 ## - TIPO DE MEDIO
Nombre del tipo de medio sin mediación
Código del tipo de medio n
Fuente rdamedia
338 ## - TIPO DE SOPORTE
Nombre del tipo de soporte volumen
Código del tipo de soporte nc
Fuente rdacarrier
490 ## - • MENCIÓN DE SERIE
Mención de serie Narrativa clásicos
505 ## - • NOTA DE CONTENIDO CON FORMATO
Nota de contenido con formato Mantón Negro -- La primera noche -- El humo -- La capilla --Defensa de Méola -- Los afortunados -- Ya que no llueve -- Formalidades -- El abaniquito -- íY dos! -- Amiguísimos -- Si -- Remedio: la geografía -- Respuesta -- El murciélago
520 ## - • NOTA DE RESUMEN
Resumen, etc, Son relatos sin héroes, pequeñas obras maestras gracias a sus perfectos mecanismos narrativos, a sus diálogos hábilmente construidos o a la extraordinaria modernidad de sus personajes, que se manifiestan ansiosamente con gestos guiñolescos y una locuacidad que deja al descubierto sus secretos. El escritor italiano expresó su profundo pesimismo por la condición humana a través del humor, que constituye uno de los rasgos de su obra narrativa y es singularmente macabro y desconcertante. La sonrisa que provoca procede más bien de la incomodidad y amargura ante los aspectos absurdos de la existencia. Los temas y los símbolos expresionistas aparecen en algunos de sus relatos, que han sido traducidos a las principales lenguas, y que son una puerta desde la cual aprehender el absurdo de las pasiones humanas a la vez que la mirada se posa sobre una realidad anómala, extraña, deformada y privada de toda certeza tranquilizadora
534 ## - • Nota De Versión Original
Edition statement of original Novelle per un anno. Scialle nero
650 14 - • PUNTO DE ACCESO ADICIONAL DE MATERIA - TÉRMINO DE MATERIA
Fuente del encabezamiento o término LEMB
Término de materia o nombre geográfico como elemento inicial Cuentos Italianos
Subdivisión cronológica Siglo XIX
650 14 - • PUNTO DE ACCESO ADICIONAL DE MATERIA - TÉRMINO DE MATERIA
Fuente del encabezamiento o término LEMB
Término de materia o nombre geográfico como elemento inicial Literatura italiana
Subdivisión cronológica Siglo XIX
700 1# - • PUNTO DE ACCESO ADICIONAL - NOMBRE DE PERSONA
Nombre de persona Tomás Llopis, Rafael F.
Término indicativo de función traductor
942 ## - ENTRADA DE ELEMENTOS AGREGADOS (KOHA)
Fuente de clasificaión o esquema
Koha [por defecto] tipo de item Libro Literatura

No hay ítems disponibles.










Instituto Departamental de Cultura del Meta - Red Departamental de Bibliotecas Públicas del Meta.